| 000 | 00895nam a2200289Ic 4500 | ||
|---|---|---|---|
| 001 | 60174 | ||
| 003 | CO-BoRNBP | ||
| 005 | 20251212210519.0 | ||
| 007 | ta | ||
| 008 | 121119s9999 xx 000 0 und d | ||
| 020 | _a9586630407X | ||
| 040 |
_aCO-BoRNBP _bspa _erda _cCO-BoRNBP |
||
| 041 | 1 | _aspa | |
| 082 | 0 | 4 | _aN SHE1 |
| 084 | _a0 | ||
| 100 | 1 | 0 |
_aShelley, Mary Wollstonecraft, _eaut _967962 |
| 245 | 1 | 0 |
_aFrankenstein / _cMary W. Shelley ; traducción y presentación, Manuel Serrat Crespo. |
| 250 | _aPrimera edición | ||
| 264 | 1 |
_aBogotá, Colombia : _bpublisher not identified, _c1986?] |
|
| 336 |
_atexto _btxt _2rdacontent |
||
| 337 |
_asin mediación _bn _2rdamedia |
||
| 338 |
_avolumen _bnc _2rdacarrier |
||
| 650 | 1 | 7 |
_aNovela inglesa _ySiglo XIX _2rnbp _92496 |
| 650 | 1 | 7 |
_aLiteratura inglesa _ySiglo XIX _2rnbp _92497 |
| 700 | 1 | 0 |
_aSerrat Crespo, Manuel _939035 |
| 942 |
_2ddc _cBK |
||
| 999 |
_c60174 _d60174 |
||